000 00537nam a2200193Ia 4500
003 GCL
008 140319s9999 xx 000 0 eng d
040 _aGCL /
_cGCL
082 0 4 _a621.366
_bV L
100 1 _aVERDEYEN, JOSEPH T.
245 1 0 _aLASER ELECTRONICS /
_cVERDEYEN, JOSEPH T.
260 _a[S.N] :
_bPRENTICE- HELL INTERNATIONAL, INC. ،
_c1995
300 _a774\P
650 0 4 _aالتحليل الرياضى
650 0 4 _aELECTRONICS
650 0 4 _aELECTRONIC CAMERA
650 0 4 _aELECTRIC ENGINEERING
942 _2ddc
_cBK
999 _c19984
_d19984